Transferové oceňovanie v teórii a v praxi

Metódy transferového oceňovania vychádzajúce z porovnávania ceny. Metódy transferového oceňovania vychádzajúce z porovnávania zisku. Korešpondujúce úpravy základu dane. Opatrenia predchádzajúce oceneniu. Dokumentácia transferového oceňovania a jej použitie v praxi. Príklady.

Salvato in:
Dettagli Bibliografici
Autore principale: Luknárová - Kutišová, Dalila
Natura: Capitolo di libro
Lingua:slovacco
Soggetti:
Tags: Aggiungi Tag
Nessun Tag, puoi essere il primo ad aggiungerne!!

MARC

LEADER 00000naa$a2200000$$$4500
001 0096420
005 20231106095008.9
041 0 |a slo 
044 |a SK 
245 1 0 |a Transferové oceňovanie v teórii a v praxi  |c Dalila Luknárová - Kutišová 
520 |a Metódy transferového oceňovania vychádzajúce z porovnávania ceny. Metódy transferového oceňovania vychádzajúce z porovnávania zisku. Korešpondujúce úpravy základu dane. Opatrenia predchádzajúce oceneniu. Dokumentácia transferového oceňovania a jej použitie v praxi. Príklady. 
610 2 0 |a oceňovanie transferové 
610 2 0 |a ceny 
610 2 0 |a porovnanie cenové 
610 2 0 |a zisk 
610 2 0 |a základ dane 
610 2 0 |a dokumentácia 
610 2 0 |a dokumentácia účtovná 
100 1 |a Luknárová - Kutišová, Dalila